| 000 | 01122cam a22003135a 4500 | ||
|---|---|---|---|
| 001 | 14101042 | ||
| 005 | 20180108155305.0 | ||
| 006 | a||||f ||z 00| 0 | ||
| 008 | 050908t2007 njua fr 001 0 eng d | ||
| 020 | _a0131115472 | ||
| 020 | _a9780131115477 | ||
| 040 |
_aDLC _cDLC _dYDX _dBAKER _dIBI _dOCLCQ _dUKM _dDLC _dEG-ScBUE _beng |
||
| 082 | 0 | 4 |
_a621.90230285 _222 _bSTE |
| 100 | 1 | _aStenerson, Jon. | |
| 245 | 1 | 0 |
_aComputer numerical control : _boperation and programming / _cJon Stenerson, Kelly Curran. |
| 250 | _a3rd ed. | ||
| 260 |
_aUpper Saddle River : _bPearson Prentice Hall, _cc.2007. |
||
| 300 |
_ax, 514 p. : _bill. ; _c25 cm. + _e2 CD-ROMs (4 3/4 in.) |
||
| 500 | _aIncludes index. | ||
| 650 | 7 |
_aMachine-tools _xNumerical control. _2BUEsh |
|
| 650 | 0 |
_aMachine-tools _xNumerical control _xProgramming. _2BUEsh |
|
| 651 | _2BUEsh | ||
| 653 |
_bGGEN _cJanuary2018 |
||
| 700 | 1 | _aCurran, Kelly. | |
| 700 | 1 | _aStenerson, Jon. | |
| 906 |
_a7 _bcbc _corignew _d1 _eecip _f20 _gy-gencatlg |
||
| 942 | _2ddc | ||
| 999 |
_c25901 _d25873 |
||